• 首页
  • 本馆介绍
  • 公告通知
  • 最新文献
  • 馆藏检索
  • 电子资源
  • 读者导购
  • 参考咨询
  • 我的图书馆
  • 登录
  • 详细信息显示
  • 放入我的书架
  • 预约/预借图书
  • 作者相关作品
  • 分类相关作品
  • 丛书相关作品
  • 出版社相关作品

书目信息

  • 表格格式
  • 工作单格式
  • 卡片格式
题名:
幸福女人变形记
    
 
作者: 崔钟雷 主编
分册:  
出版信息: 哈尔滨   黑龙江美术出版社  2013
页数: 366页
开本: 29cm
丛书名:
单 册:
中图分类: B82-49
科图分类:
主题词: 女性--幸福--通俗读物 , 女性 , 幸福
电子资源:
ISBN: 978-7-5318-4317-7
000 00902nam0 2200265 45
001 012001001721
005 20140921103355.0
010    @a978-7-5318-4317-7@dCNY59.00
100    @a20141210d2013 em y0chiy50 ea
101 0  @achi
102    @aCN@b230000
105    @ay z 000yy
106    @ar
200 1  @a幸福女人变形记@9xing fu nv ren bian xing ji@f崔钟雷主编
210    @a哈尔滨@c黑龙江美术出版社@d2013
215    @a366页@d29cm
300    @a经典共享文库
330    @a本书针对不同特点的女人,全方位地为其打造了一本幸福宝典。它将从多个方面帮助女人解决烦恼,教会女人如何获得幸福,增强女人的自信心,使女人展现迷人的笑容, 成为闪亮的焦点,并给自己的人生增添斑斓的色彩。
606 0  @a女性@x幸福@j通俗读物
606 0  @a女性
606 0  @a幸福
690    @aB82-49@v5
701  0 @a崔钟雷@9cui zhong lei@f(1964~)@4主编
801  0 @aCN@b上海新华@c20180901
905    @b1044250-4@dB82-49@e1146@f5
    
    幸福女人变形记/崔钟雷主编.-哈尔滨:黑龙江美术出版社,2013
    366页;29cm
    经典共享文库
    
    ISBN 978-7-5318-4317-7:CNY59.00
    本书针对不同特点的女人,全方位地为其打造了一本幸福宝典。它将从多个方面帮助女人解决烦恼,教会女人如何获得幸福,增强女人的自信心,使女人展现迷人的笑容, 成为闪亮的焦点,并给自己的人生增添斑斓的色彩。
●
相关链接 在E读中查询图书 在五车中查询图书 在当当中查询图书 在豆瓣中查询图书


正题名:幸福女人变形记     索取号:B82-49/1146         预约/预借

序号 登录号 条形码 馆藏地/架位号 状态 备注
1 1044250   210442500   第一样本阅览室/ [索取号:B82-49/1146] 在馆    
2 1044251   210442519   第一借阅区/ [索取号:B82-49/1146] 在馆    
3 1044252   210442528   第一借阅区/ [索取号:B82-49/1146] 在馆    
4 1044253   210442537   第一借阅区/ [索取号:B82-49/1146] 在馆    
5 1044254   210442546   第一借阅区/ [索取号:B82-49/1146] 在馆    
唐山师范学院图书馆 欢迎您!
大连网信软件有限公司© 版权所有